MARC

LEADER 00000nam0a2200000 4500
001 374588
005 20231102012649.0
035 |a (RuTPU)RU\TPU\retro\32022 
035 |a RU\TPU\book\303966 
090 |a 374588 
100 |a 20221219d1986 e y0rusy50 ca 
101 0 |a rus 
102 |a UA 
105 |a a g 001zy 
200 1 |a Справочник по обработке металлов  |f сост. Г. Б. Волошин ; под ред. В. Т. Маматова 
210 |a Киев  |c Радянська школа  |d 1986 
215 |a 166 с.  |c ил. 
320 |a Библиогр.: с. 164 
606 1 |a Металлообработка в целом  |2 stltpush  |3 (RuTPU)RU\TPU\subj\42494  |9 62160 
610 1 |a машиностроительные материалы 
610 1 |a машиноведение 
610 1 |a слесарные работы 
610 1 |a металлорежущие станки 
610 1 |a справочники 
675 |a 621.7(035)  |v 4 
702 1 |a Волошин  |b Г. Б.  |g Григорий Борисович  |4 220 
702 1 |a Маматов  |b В. Т.  |4 340 
801 1 |a RU  |b 63413507  |c 20150112 
801 2 |a RU  |b 63413507  |c 20221219  |g RCR 
942 |c BK